000
00288nam a22001337a 4500
999
_c
527964
_d
527964
003
NUST
038
_a
M.Ramzan
082
_a
579
_b
PEL
100
_a
J, Michael
_9
19463
245
_a
Microbiology
_c
Michael J.
260
_a
Islamabad
_b
N.B.F
300
_a
918 p, :
_c
25cm
942
_2
ddc
_c
BK